000 02222nam a22004577a 4500
003 AR-RoUNA
005 20250930180231.0
008 250930b |||||||| |||| 00| 0 spa d
020 _a9788446027027
040 _aAR-RoUNA
_bspa
_dAR-RoUNA
041 _aspa
_hspa
044 _aag
100 1 _aCohen, Jean-Louis
_921169
245 1 0 _aMies Van der Rohe /
_cJean-Louis Cohen; traduccion de Juan Calatrava
250 _a1a. ed.
260 _aEspaña:
_bEdiciones Akal,
_c2007
300 _a191 p.:
_bfot. col.
_bgráficos
_c25x22 cm
490 _aArquitectura
505 0 _tINDICE
505 0 _tPrefacio / p.6
505 0 _tI. 1886-1914:
_a Infancia renana y comienzos berlineses /p.10
505 0 _tII. 1918-1924:
_aLos proyectos teóricos para la Grobstadt /p.26
505 0 _tIII. 1925-1930:
_a Los fundamentos de un nuevo espacio domestico /p.44
505 0 _tIV. 1930-1938:
_aEntre la Bauhaus y el III Reich /p.84
505 0 _tV. 1938-1956:
_aChicago y los paradigmas americanos /p.98
505 0 _tVI. 1956-1969:
_a El clasicismo del orden industrial /p.140
505 0 _tNOTAS /p.168
505 0 _tPerfil Bibliografico /p.177
505 0 _tBibliografia /p.180
505 0 _tProyectos y Realizaciones /p.186
505 0 _tIndice Analitico /p.189
520 3 _aEste documento desarrolla, el esbozo pormenorizado de la trayectoria vital y artística de Mies van der Rohe, uno de los principales arquitectos del siglo pasado. Además de acompañarse de una nutrida selección de fotos y planos de algunos de sus proyectos más importantes, la obra comprende un interesante aparato de notas, una bibliografía de referencia y una relación de todos sus proyectos y realizaciones. Estructurada por épocas, aporta una visión amplia de las influencias intelectuales que calaron en su hacer artístico, así como aborda las relaciones -en ocasiones difíciles- entre su arte y la política de una Europa dividida por el auge del nacionalsocialismo.
650 4 _aArquitectura contemporanea
650 4 _aObras
650 4 _aTrayectoria profesional
700 1 _aCalatrava, Juan
_etra
_918342
908 _aImp
930 _e12248
942 _2udc
_cLIB
945 _d2025-09-30
_aMIA
999 _c12145
_d12145
980 _81
_gMaricel Allasia